| 000 | 00724nam a2200229Ia 4500 | ||
|---|---|---|---|
| 020 | _a0785408614 | ||
| 040 | _cBDR | ||
| 082 | _a650 AGS 1997 A106 Or. | ||
| 100 | 1 | _aKnox, Carolyn W. | |
| 245 | 1 | 0 | _aEnglish for the world of work / |
| 246 | 3 | _aAGS English for the world of work, teacher's edition | |
| 246 | 3 | _aEnglish for the world of work, teacher's edition | |
| 250 | _aTeacher's edition. | ||
| 260 |
_aCircle Pines, Minn. : _bAmerican Guidance Service, _cc1997. |
||
| 300 |
_aT16, viii, 303 p. : _bcol. ill. ; _c29 cm. |
||
| 500 | _aIncludes index. | ||
| 650 | 0 | _aApplications for positions | |
| 650 | 0 | _aEmployment interviewing | |
| 650 | 0 | _aSuccess in business | |
| 650 | 0 | _aEnglish language | |
| 942 | _cEK | ||
| 999 |
_c16609 _d16609 |
||